Word Ladder: Jack Black Quiz Stats

 Plays Quiz Updated Aug 11, 2015

Challenge
Share
Tweet
Embed
Score 0/22 Timer 03:00
2 Plays Today
Hint 4-Letter Word % Correct
____ Fu Panda (2008)KUNG
99.5%
School of ____ (2003)ROCK
96%
Skating venueRINK
94.9%
Springfield, Astley or Santorum, e.g.RICK
93.3%
Orange peelRIND
93.2%
Be ____ Rewind (2008)KIND
91.9%
Suspend from nooseHANG
90.7%
____ [Rung 22] (2005)KING
88.9%
Chicken pox scarPOCK
87.6%
Bunny cousinHARE
87%
Flap one's gumsTALK
82.2%
Hint 4-Letter Word % Correct
Short, sharp-pointed nailTACK
82%
Tenacious D in the ____ of Destiny (2006)PICK
79.8%
Check markTICK
79.4%
Arm foot?HAND
78.6%
Empty container weightTARE
75.5%
[Rung 13] ____: The Dewey Cox StoryHARD
74.7%
Shark ____ (2004)TALE
71.1%
[Rung 2] ____ (2005)KONG
67.8%
The Simpsons' alienKANG
67.1%
____ [Rung 18]: The Dewey Cox Story (2007)WALK
61.6%
Nautical wooden stripWALE
52%

Today's Daily Dose

You're not logged in!

Compare scores with friends on all Sporcle quizzes.
Join for Free
OR
Log In

You Might Also Like...

Show Comments

Extras

Top Quizzes Today


Score Distribution

Your Account Isn't Verified!

In order to create a playlist on Sporcle, you need to verify the email address you used during registration. Go to your Sporcle Settings to finish the process.

Report this User

Report this user for behavior that violates our Community Guidelines.

Details: